[Event "M.Chigorin Memorial 2017 "]
[Site "?????-?????????"]
[Date "2017.10.26"]
[Round "6"]
[Board "104"]
[White "Vasilyev, Alexey"]
[Black "Nandhidhaa, Pv"]
[Result "0-1"]
[WhiteElo "1794"]
[BlackElo "2190"]
[PlyCount "70"]
[EventDate "2017.10.21"]
[EventRounds "9"]
[EventCountry "RUS"]

1. e4 c5 2. Nf3 e6 3. d4 cxd4 4. Nxd4 a6 5. Bd3 Bc5 6. Nb3 Be7 7. O-O d6 8. Nc3
Nf6 9. f4 Qc7 10. e5 Nfd7 11. exd6 Bxd6 12. Be3 Nf6 13. Ne4 Be7 14. Bd4 Nbd7
15. Qf3 Nxe4 16. Bxe4 Bf6 17. Kh1 Bxd4 18. Nxd4 Nf6 19. Bd3 O-O 20. Rae1 Qb6
21. Nb3 Bd7 22. f5 exf5 23. Bxf5 Bxf5 24. Qxf5 Rfe8 25. c3 Rad8 26. Re5 Rxe5
27. Qxe5 Qf2 28. Rb1 Qxb2 29. Qe1 Qxa2 30. Nc5 Re8 31. Qf1 b5 32. Ra1 Qd2 33.
Nxa6 Qxc3 34. Rc1 Qe5 35. Rc5 Qd6  0-1

[Event "M.Chigorin Memorial 2017 "]
[Site "?????-?????????"]
[Date "2017.10.26"]
[Round "6"]
[Board "105"]
[White "Navrodskiy, Boris"]
[Black "Strybuk, Artsiom I"]
[Result "1/2-1/2"]
[WhiteElo "2180"]
[BlackElo "1834"]
[PlyCount "146"]
[EventDate "2017.10.21"]
[EventRounds "9"]
[EventCountry "RUS"]

1. d4 Nf6 2. c4 c5 3. d5 b5 4. cxb5 a6 5. bxa6 g6 6. Nc3 Bxa6 7. e4 Bxf1 8.
Kxf1 d6 9. g3 Bg7 10. Nf3 O-O 11. Kg2 Nbd7 12. a4 Qb6 13. Qc2 Ne8 14. Nb5 Nc7
15. Nxc7 Qxc7 16. Bd2 Qb7 17. Bc3 Bxc3 18. bxc3 Ra5 19. Nd2 Qa6 20. Ra2 Ra8 21.
Rha1 Nb6 22. Qb3 Qa7 23. Rb1 Nd7 24. Rba1 Nb6 25. Nc4 Nxc4 26. Qxc4 Qa6 27.
Qxa6 R8xa6 28. Kf3 Kg7 29. Ke3 f5 30. f4 fxe4 31. Kxe4 Kf6 32. g4 Ra7 33. g5+
Kg7 34. h4 h6 35. f5 hxg5 36. hxg5 Ra8 37. fxg6 Kxg6 38. Kd3 Rf8 39. Re2 Rf5
40. Re6+ Kxg5 41. Rg1+ Kh5 42. c4 Re5 43. Rxe5+ dxe5 44. Re1 Kg6 45. Rxe5 Kf7
46. Re6 Rxa4 47. Rc6 Ra5 48. Ke4 Ke8 49. Kf5 Kd7 50. Ke5 Ra1 51. Rxc5 Re1+ 52.
Kd4 e6 53. dxe6+ Rxe6 54. Rh5 Rg6 55. Kd5 Rg7 56. c5 Kc7 57. Kc4 Rg4+ 58. Kb5
Rg6 59. Rh7+ Kc8 60. Ra7 Kb8 61. Rd7 Kc8 62. Rh7 Rf6 63. Rh8+ Kc7 64. Rg8 Rh6
65. Ra8 Kb7 66. Re8 Kc7 67. Re7+ Kc8 68. Kc4 Rh4+ 69. Kd5 Rh5+ 70. Kd6 Rh6+ 71.
Kd5 Rh5+ 72. Kc6 Rh6+ 73. Kb5 Rg6  1/2-1/2

[Event "M.Chigorin Memorial 2017 "]
[Site "?????-?????????"]
[Date "2017.10.26"]
[Round "6"]
[Board "106"]
[White "Patarin, Arnaud"]
[Black "Ekdyshman, Mikhail"]
[Result "0-1"]
[WhiteElo "1766"]
[BlackElo "2366"]
[PlyCount "104"]
[EventDate "2017.10.21"]
[EventRounds "9"]
[EventCountry "RUS"]

1. c4 e5 2. g3 Nf6 3. Bg2 d5 4. cxd5 Nxd5 5. Nc3 Nb6 6. Nf3 Nc6 7. d3 Be7 8.
O-O O-O 9. a3 Re8 10. Be3 Bf8 11. Rc1 Nd4 12. Bxd4 exd4 13. Nb5 c5 14. a4 Bd7
15. b3 Bc6 16. Na3 Nd5 17. Nb1 a6 18. Re1 f5 19. Qd2 Nb4 20. Qf4 Qf6 21. Nh4
Bxg2 22. Kxg2 Re5 23. Nf3 Re6 24. Ng5 Ree8 25. Qh4 h6 26. Nf3 g5 27. Qh5 Qf7
28. Qxf7+ Kxf7 29. Na3 b6 30. Nc4 b5 31. Nb6 Ra7 32. Kf1 Rb7 33. a5 Bd6 34.
Red1 g4 35. Ne1 Na2 36. Rc2 Nc3 37. Rdd2 Rbe7 38. Ng2 Bc7 39. Rb2 Bxb6 40. axb6
a5 41. Nf4 Rb7 42. Rdc2 Rxb6 43. e3 a4 44. bxa4 Nxa4 45. Ra2 dxe3 46. Nd5 e2+
47. Rxe2 Rxe2 48. Rxe2 Rd6 49. Re5 b4 50. Ne3 b3 51. Rxf5+ Kg6 52. Nc4 Kxf5  0-1

[Event "M.Chigorin Memorial 2017 "]
[Site "?????-?????????"]
[Date "2017.10.26"]
[Round "6"]
[Board "107"]
[White "Kundianok, Vladislav"]
[Black "Suleymanli, Aydin"]
[Result "1/2-1/2"]
[WhiteElo "1993"]
[BlackElo "2353"]
[PlyCount "166"]
[EventDate "2017.10.21"]
[EventRounds "9"]
[EventCountry "RUS"]

1. e4 e6 2. d4 d5 3. Nc3 Nc6 4. e5 Nge7 5. Nf3 Nf5 6. h4 h5 7. Bg5 Qd7 8. Ne2
b6 9. Nf4 Bb7 10. c3 Be7 11. Bd3 O-O-O 12. Qc2 Bxg5 13. Nxg5 Rde8 14. O-O-O Nd8
15. Qe2 g6 16. g4 Ng7 17. gxh5 Nxh5 18. Nxh5 Rxh5 19. f4 Reh8 20. Qf2 Qe7 21.
Rh2 Kb8 22. Rdh1 c5 23. Be2 R5h6 24. a3 cxd4 25. cxd4 f6 26. Nf3 f5 27. Ng5 Nc6
28. h5 gxh5 29. Bxh5 Na5 30. Kb1 Rc8 31. Be2 Rxh2 32. Qxh2 Nb3 33. Rd1 Qd7 34.
Qg3 Na5 35. Rh1 Qa4 36. Qd3 Qc6 37. Ka2 Rc7 38. Qb5 Bc8 39. Qb4 Qc2 40. Bb5 Kb7
41. Rh3 a6 42. Bd3 Qd1 43. Bb1 Rc1 44. Rh7+ Kb8 45. Qd6+ Ka8 46. Qxb6 Nb7 47.
Rc7 Kb8 48. Rxc1 Qxc1 49. Nxe6 Bxe6 50. Qxe6 Qc4+ 51. Ka1 Qxd4 52. Qxf5 Qc4 53.
Qd3 Qxf4 54. Qxd5 Kc7 55. Be4 Qc1+ 56. Ka2 Nc5 57. Bf3 Qe3 58. Bg4 a5 59. Qd6+
Kb7 60. Qd5+ Kc7 61. Be6 Kb6 62. Qd6+ Kb5 63. Bd7+ Kc4 64. Be6+ Kb5 65. Qb8+
Kc6 66. Bc4 a4 67. Qd6+ Kb7 68. Bd5+ Kc8 69. Qb6 Qd4 70. Qc6+ Kb8 71. Qb6+ Kc8
72. Be6+ Nxe6 73. Qxe6+ Kc7 74. Qe7+ Kc6 75. Qe6+ Kc7 76. Qf7+ Kc6 77. Qf6+ Kc7
78. Qe6 Kb7 79. Qd6 Qxd6 80. exd6 Kc6 81. Kb1 Kxd6 82. Kc2 Kc6 83. Kd2 Kd6
 1/2-1/2

[Event "M.Chigorin Memorial 2017 "]
[Site "?????-?????????"]
[Date "2017.10.26"]
[Round "6"]
[Board "108"]
[White "Bykov, Oleg"]
[Black "Sergeeva, Natalia"]
[Result "1-0"]
[WhiteElo "2333"]
[BlackElo "1994"]
[PlyCount "57"]
[EventDate "2017.10.21"]
[EventRounds "9"]
[EventCountry "RUS"]

1. d4 Nf6 2. c4 e6 3. g3 Bb4+ 4. Nd2 c5 5. a3 Bxd2+ 6. Qxd2 cxd4 7. Nf3 Qc7 8.
Qxd4 Nc6 9. Qd1 d5 10. cxd5 Nxd5 11. Bg2 O-O 12. O-O Bd7 13. b4 a6 14. Bb2 Rfd8
15. Qc2 f6 16. Rac1 Rac8 17. e4 Nde7 18. e5 f5 19. Qb3 Qb6 20. Rfd1 Be8 21. Ng5
Bf7 22. Rd6 Rxd6 23. exd6 Ng6 24. Nxe6 Nf8 25. Bd5 h6 26. Qc3 Nd4 27. Qxc8
Ndxe6 28. Bxe6 Bxe6 29. Qc3  1-0

[Event "M.Chigorin Memorial 2017 "]
[Site "?????-?????????"]
[Date "2017.10.26"]
[Round "6"]
[Board "109"]
[White "Travkina, Anastasia"]
[Black "Slugin, Yaroslav"]
[Result "1-0"]
[WhiteElo "2221"]
[BlackElo "1992"]
[PlyCount "79"]
[EventDate "2017.10.21"]
[EventRounds "9"]
[EventCountry "RUS"]

1. e4 c5 2. Nf3 Nc6 3. d4 cxd4 4. Nxd4 Nf6 5. Nc3 e6 6. a3 d5 7. Nxc6 bxc6 8.
e5 Nd7 9. f4 Qb6 10. Bd3 Ba6 11. Bxa6 Qxa6 12. Be3 c5 13. Bf2 Qb7 14. O-O Qxb2
15. Nxd5 exd5 16. Qxd5 Rb8 17. e6 fxe6 18. Qxe6+ Be7 19. Rad1 Qb7 20. Rfe1 Nf8
21. Qe5 Kf7 22. Rb1 Qxb1 23. Qxe7+ Kg8 24. Rxb1 Rxb1+ 25. Be1 h6 26. Kf2 Ng6
27. Qe4 Kh7 28. h4 Rf8 29. g3 h5 30. Bc3 Rbb8 31. Kg2 Rbe8 32. Qd5 Re2+ 33. Kh3
Rxc2 34. Qxh5+ Kg8 35. Qxc5 Rf7 36. Qd4 Re2 37. Qd3 Re6 38. f5 Ne5 39. Qd8+ Rf8
40. Qd5  1-0

[Event "M.Chigorin Memorial 2017 "]
[Site "?????-?????????"]
[Date "2017.10.26"]
[Round "6"]
[Board "110"]
[White "Protopopova, Anastasiya"]
[Black "Kuznetsov, Mikhail"]
[Result "1-0"]
[WhiteElo "2219"]
[BlackElo "1947"]
[PlyCount "103"]
[EventDate "2017.10.21"]
[EventRounds "9"]
[EventCountry "RUS"]

1. d4 Nf6 2. c4 e6 3. g3 d5 4. Nf3 Be7 5. Bg2 O-O 6. O-O dxc4 7. Qc2 a6 8. a4
Bd7 9. Qxc4 Bc6 10. Bf4 Bd6 11. Bg5 Bd5 12. Qd3 Nbd7 13. Nc3 Bxf3 14. Bxf3 c6
15. e4 Be7 16. Rad1 Qa5 17. Qd2 Kh8 18. Rfe1 Rad8 19. Qc1 Nb6 20. h4 Qb4 21. e5
Nfd5 22. Nxd5 Nxd5 23. Qc2 Bxg5 24. hxg5 Ne7 25. Re4 Nf5 26. d5 Qb6 27. d6 Nxg3
28. a5 Qa7 29. Rb4 Nf5 30. Be4 Ne3 31. fxe3 Qxe3+ 32. Kh1 Qxg5 33. Qh2 h6 34.
Rxb7 Qg4 35. Re1 Rb8 36. Rxb8 Rxb8 37. d7 c5 38. Qe2 Qh4+ 39. Kg1 Rb3 40. Rd1
Rb8 41. Bg2 c4 42. Qf2 Qe7 43. Qa7 Rd8 44. Qc7 Qg5 45. Qc5 h5 46. Qxc4 Qxe5 47.
Qxa6 h4 48. Qb6 Qg5 49. Kh1 Kh7 50. a6 Qg4 51. Qd4 Qg3 52. Qd3+  1-0

[Event "M.Chigorin Memorial 2017 "]
[Site "?????-?????????"]
[Date "2017.10.26"]
[Round "6"]
[Board "111"]
[White "Kotau, Arseni"]
[Black "Vorobyova, Valeriya"]
[Result "1-0"]
[WhiteElo "2187"]
[BlackElo "1945"]
[PlyCount "53"]
[EventDate "2017.10.21"]
[EventRounds "9"]
[EventCountry "RUS"]

1. d4 Nf6 2. c4 g6 3. Nc3 d5 4. cxd5 Nxd5 5. Bd2 Bg7 6. e4 Nb6 7. Be3 O-O 8.
Be2 Nc6 9. Nf3 Bg4 10. d5 Nb8 11. Bd4 c6 12. Bxg7 Kxg7 13. Qd4+ Kg8 14. O-O
cxd5 15. exd5 Bf5 16. Rfd1 h6 17. Rac1 Nc8 18. Qh4 Kh7 19. Nd4 Bd7 20. Ne6 fxe6
21. dxe6 Nd6 22. exd7 Qxd7 23. Ne4 Nc6 24. Bg4 Nf5 25. Ng5+ Kg8 26. Bxf5 Qxf5
27. Qxh6  1-0

[Event "M.Chigorin Memorial 2017 "]
[Site "?????-?????????"]
[Date "2017.10.26"]
[Round "6"]
[Board "112"]
[White "Gordon, Evgeny"]
[Black "Sakorenko, Adriana"]
[Result "1/2-1/2"]
[WhiteElo "1990"]
[BlackElo "2127"]
[PlyCount "80"]
[EventDate "2017.10.21"]
[EventRounds "9"]
[EventCountry "RUS"]

1. d4 d5 2. c4 e6 3. Nc3 a6 4. e3 Nf6 5. Nf3 dxc4 6. Bxc4 b5 7. Bb3 Bb7 8. O-O
c5 9. a3 Nc6 10. Bc2 cxd4 11. exd4 Be7 12. h3 Rc8 13. Be3 Nd5 14. Nxd5 Qxd5 15.
Bb3 Qh5 16. Ne5 Qxd1 17. Rfxd1 Bf6 18. Ng4 Ne7 19. Nxf6+ gxf6 20. Rac1 Kd7 21.
f3 Rxc1 22. Rxc1 Rg8 23. Kf1 Bd5 24. Bc2 Bc4+ 25. Kf2 f5 26. g4 a5 27. Bd2 Nc6
28. gxf5 Nxd4 29. fxe6+ Bxe6 30. Bxh7 Rh8 31. Bc3 Rxh7 32. Bxd4 Rxh3 33. Kg2
Rh5 34. Rc5 Rxc5 35. Bxc5 a4 36. Bb4 Kc6 37. Bc3 Kd7 38. Bb4 Kc6 39. Bc3 Kd7
40. Bb4 Kc6  1/2-1/2

[Event "M.Chigorin Memorial 2017 "]
[Site "?????-?????????"]
[Date "2017.10.26"]
[Round "6"]
[Board "113"]
[White "Guliev, Gasan"]
[Black "Andrijashkin, Deniss"]
[Result "1-0"]
[WhiteElo "2123"]
[BlackElo "1929"]
[PlyCount "95"]
[EventDate "2017.10.21"]
[EventRounds "9"]
[EventCountry "RUS"]

1. d4 Nf6 2. c4 g6 3. Nc3 Bg7 4. e4 d6 5. h3 O-O 6. Be3 e5 7. d5 a5 8. g4 Na6
9. Nf3 Bd7 10. Rg1 b6 11. Be2 Nc5 12. Qc2 Qc8 13. Nd2 Ne8 14. O-O-O f5 15. gxf5
gxf5 16. Kb1 Kh8 17. Bxc5 bxc5 18. exf5 Bxf5 19. Bd3 Bxd3 20. Qxd3 Nf6 21. Nde4
Nxe4 22. Nxe4 Qf5 23. Rg5 Qf3 24. Qxf3 Rxf3 25. Rdg1 Bf6 26. R5g3 Rf4 27. Rg4
Rf8 28. Rxf4 exf4 29. Rg4 Bd4 30. f3 Rb8 31. b3 a4 32. Kc2 axb3+ 33. axb3 Ra8
34. Ng5 Ra2+ 35. Kd3 h6 36. Ne6 Be5 37. Ke4 Ra3 38. Nxc5 dxc5 39. Kxe5 Rxb3 40.
Rxf4 Re3+ 41. Kf6 Kh7 42. h4 Re8 43. Kf7 Re5 44. Re4 Rf5+ 45. Ke6 Rxf3 46. Kd7
Kg6 47. Kxc7 Kf5 48. Re8  1-0

[Event "M.Chigorin Memorial 2017 "]
[Site "?????-?????????"]
[Date "2017.10.26"]
[Round "6"]
[Board "114"]
[White "Atakishiyev, Elmar"]
[Black "Manush, Shah"]
[Result "1/2-1/2"]
[WhiteElo "1969"]
[BlackElo "2109"]
[PlyCount "157"]
[EventDate "2017.10.21"]
[EventRounds "9"]
[EventCountry "RUS"]

1. e4 c6 2. d4 d5 3. exd5 cxd5 4. c4 Nf6 5. Nc3 Nc6 6. Bg5 dxc4 7. d5 Ne5 8.
Qd4 h6 9. Bh4 Ng6 10. Bg3 e6 11. d6 Ne7 12. Rd1 Nf5 13. Qd2 Bd7 14. Bxc4 Nxg3
15. hxg3 Rc8 16. Be2 Qb6 17. Bf3 g5 18. Nge2 Bg7 19. Ne4 Nxe4 20. Bxe4 f5 21.
Bb1 Qxb2 22. Qe3 Qb4+ 23. Kf1 Rc5 24. a3 Qa5 25. Qf3 Rd5 26. Qh5+ Kf8 27. Rxd5
Qxd5 28. Kg1 Be8 29. Qf3 Qxf3 30. gxf3 Be5 31. Kg2 Bxd6 32. Nd4 Bxa3 33. Nxe6+
Ke7 34. Nd4 Kf6 35. Nxf5 h5 36. Nd4 Bb2 37. Nb3 Bc6 38. Nd2 g4 39. Ne4+ Ke5 40.
Re1 gxf3+ 41. Kxf3 h4 42. gxh4 Rxh4 43. Kg3 Rh8 44. Ng5+ Kd4 45. Ba2 Rh1 46.
Ne6+ Kc3 47. Re3+ Kd2 48. Nf4 Rg1+ 49. Kh3 Bf6 50. Re2+ Kc3 51. Re3+ Kb2 52.
Re2+ Ka3 53. Be6 Bg5 54. Nd3 Ka4 55. Ra2+ Kb5 56. Rb2+ Ka5 57. Ne5 Bb5 58. Nf3
Bf1+ 59. Kh2 Rg2+ 60. Kh1 Bf4 61. Bh3 Rg7 62. Bxf1 a6 63. Bd3 b5 64. Be2 Rg6
65. Ne1 Be5 66. Ra2+ Kb6 67. Nf3 Bc3 68. Ra3 Bb4 69. Re3 Bc5 70. Re8 Bxf2 71.
Ne5 Rd6 72. Kg2 Bd4 73. Kf3 Bxe5 74. Rxe5 Ka5 75. Ke3 Ka4 76. Bd3 Kb4 77. Kd2
Ka5 78. Kc3 Kb6 79. Be2  1/2-1/2

[Event "M.Chigorin Memorial 2017 "]
[Site "?????-?????????"]
[Date "2017.10.26"]
[Round "6"]
[Board "115"]
[White "Yeritsyan, Hayk"]
[Black "Khalikov, Bulat"]
[Result "1-0"]
[WhiteElo "2105"]
[BlackElo "1925"]
[PlyCount "43"]
[EventDate "2017.10.21"]
[EventRounds "9"]
[EventCountry "RUS"]

1. d4 Nf6 2. c4 e6 3. Nc3 Bb4 4. e3 c5 5. Bd3 Bxc3+ 6. bxc3 O-O 7. Ne2 d5 8.
cxd5 exd5 9. O-O c4 10. Bb1 Re8 11. f3 Nc6 12. Ng3 b5 13. e4 dxe4 14. fxe4 b4
15. e5 Nd5 16. Bxh7+ Kf8 17. Qh5 Be6 18. Bg5 Nde7 19. Ne4 Qc7 20. Nf6 bxc3 21.
Be4 Ng8 22. Nh7#  1-0

[Event "M.Chigorin Memorial 2017 "]
[Site "?????-?????????"]
[Date "2017.10.26"]
[Round "6"]
[Board "116"]
[White "Kamalidenova, Meruert"]
[Black "Ivanov, Sergei V."]
[Result "1-0"]
[WhiteElo "1897"]
[BlackElo "2103"]
[PlyCount "99"]
[EventDate "2017.10.21"]
[EventRounds "9"]
[EventCountry "RUS"]

1. d4 Nf6 2. Nf3 g6 3. c4 Bg7 4. g3 O-O 5. Bg2 d6 6. O-O Nc6 7. Nc3 Rb8 8. h3
Bf5 9. d5 Na5 10. Nd2 c5 11. e4 Bd7 12. Qc2 a6 13. b3 b5 14. Bb2 Bh6 15. f4 Nh5
16. Kh2 e5 17. Ne2 exf4 18. Nxf4 Nxf4 19. Qc3 f6 20. gxf4 Bg7 21. Rae1 Qb6 22.
Ba1 Nb7 23. Qg3 Rbe8 24. h4 Re7 25. Bf3 Bh6 26. Rf2 Qa5 27. Bg2 Qxa2 28. Qd3
Qa5 29. Bc3 b4 30. Bb2 Qd8 31. Qg3 Qe8 32. Ree2 a5 33. Bh3 Bg7 34. f5 Kh8 35.
Rg2 gxf5 36. Bxf5 Bxf5 37. exf5 Qf7 38. Re6 Nd8 39. Ne4 Nxe6 40. dxe6 Qh5 41.
Nxd6 Qh6 42. Ne4 Rc8 43. Qf2 Rec7 44. Kh3 Rd8 45. Qf3 Rd4 46. Rg1 Rxe4 47. Qxe4
Bf8 48. Qf3 Bd6 49. Qa8+ Bf8 50. Bc1  1-0

[Event "M.Chigorin Memorial 2017 "]
[Site "?????-?????????"]
[Date "2017.10.26"]
[Round "6"]
[Board "117"]
[White "Ashid, Tsetsegulzii"]
[Black "Mochalin, Faddey"]
[Result "0-1"]
[WhiteElo "1892"]
[BlackElo "2096"]
[PlyCount "82"]
[EventDate "2017.10.21"]
[EventRounds "9"]
[EventCountry "RUS"]

1. e4 e6 2. d4 d5 3. Nc3 Bb4 4. e5 c5 5. Bd2 Ne7 6. Nb5 Bxd2+ 7. Qxd2 O-O 8. f4
b6 9. Nf3 Ba6 10. c3 Nf5 11. Be2 Bxb5 12. Bxb5 Nh4 13. O-O Nxf3+ 14. Rxf3 a6
15. Ba4 b5 16. Bc2 cxd4 17. Rh3 h6 18. Qxd4 Nc6 19. Qd3 f5 20. exf6 Qxf6 21.
Re1 Rad8 22. Rg3 Ne7 23. Rge3 Rd6 24. Qh7+ Kf7 25. f5 Nxf5 26. Rf3 Qd8 27. Ref1
Rh8 28. Rxf5+ exf5 29. Qxf5+ Rf6 30. Qh5+ Kf8 31. Re1 g6 32. Qe2 Rh7 33. Qd1
Re7 34. h3 Qb6+ 35. Kh2 Qd6+ 36. Kh1 Rxe1+ 37. Qxe1 Qf4 38. Kg1 Kf7 39. Bb3 Rd6
40. Qd1 Kf6 41. Bxd5 Ke5  0-1

[Event "M.Chigorin Memorial 2017 "]
[Site "?????-?????????"]
[Date "2017.10.26"]
[Round "6"]
[Board "118"]
[White "Petrochenko, Maria"]
[Black "Yakimenko, Viktoria"]
[Result "0-1"]
[WhiteElo "2093"]
[BlackElo "1922"]
[PlyCount "96"]
[EventDate "2017.10.21"]
[EventRounds "9"]
[EventCountry "RUS"]

1. d4 Nf6 2. c4 g6 3. f3 d5 4. cxd5 Nxd5 5. e4 Nb6 6. Nc3 Bg7 7. Be3 c6 8. Qd2
h5 9. O-O-O Be6 10. h4 N8d7 11. Nh3 Bc4 12. Be2 a5 13. f4 Nf6 14. Nf2 a4 15. g4
Bxe2 16. Qxe2 hxg4 17. Nxg4 Nxg4 18. Qxg4 Nc4 19. Bf2 Bh6 20. d5 Qc7 21. d6
exd6 22. Bd4 Rg8 23. Kb1 Qd7 24. Qf3 b5 25. h5 gxh5 26. Rxh5 Bf8 27. e5 d5 28.
f5 O-O-O 29. Rh7 Qe8 30. Qf4 Rg2 31. Rh2 Rxh2 32. Qxh2 c5 33. Bf2 d4 34. Bh4
Rd7 35. Ne4 Qxe5 36. Qxe5 Nxe5 37. Nf6 Rd6 38. Nh7 Rh6 39. Nxf8 Rxh4 40. Re1
Nc6 41. Re8+ Kc7 42. f6 d3 43. Kc1 c4 44. Ne6+ Kd7 45. Ng7 Rh1+ 46. Kd2 Rh2+
47. Kc1 a3 48. bxa3 c3  0-1

[Event "M.Chigorin Memorial 2017 "]
[Site "?????-?????????"]
[Date "2017.10.26"]
[Round "6"]
[Board "119"]
[White "Kovalenko, Kleopatra"]
[Black "Babazada, Khazar"]
[Result "1-0"]
[WhiteElo "1879"]
[BlackElo "2090"]
[PlyCount "69"]
[EventDate "2017.10.21"]
[EventRounds "9"]
[EventCountry "RUS"]

1. e4 g6 2. d4 Bg7 3. Nc3 d6 4. Be3 c6 5. Qd2 d5 6. f3 dxe4 7. fxe4 Nf6 8. Nf3
O-O 9. Bh6 Bg4 10. Bxg7 Kxg7 11. Be2 Bxf3 12. gxf3 Qa5 13. h4 h5 14. f4 Rd8 15.
e5 Nd5 16. f5 c5 17. fxg6 f6 18. Bf3 Nb6 19. exf6+ exf6 20. Qe2 Rd7 21. O-O-O
c4 22. Qe6 Nc6 23. Nd5 Qxa2 24. Qxf6+ Kg8 25. Qe6+ Kg7 26. Qf6+ Kg8 27. Nxb6
Qa1+ 28. Kd2 Qa5+ 29. c3 Qxb6 30. Qe6+ Kf8 31. Qxd7 Qxb2+ 32. Ke3 Re8+ 33. Kf4
Re7 34. Qf5+ Kg7 35. Kg5  1-0

[Event "M.Chigorin Memorial 2017 "]
[Site "?????-?????????"]
[Date "2017.10.26"]
[Round "6"]
[Board "120"]
[White "Lystsov, Leonid"]
[Black "Gurjevskoy, Denis"]
[Result "0-1"]
[WhiteElo "1866"]
[BlackElo "2089"]
[PlyCount "76"]
[EventDate "2017.10.21"]
[EventRounds "9"]
[EventCountry "RUS"]

1. d4 d5 2. Bf4 Nc6 3. e3 Bf5 4. c4 e6 5. Nc3 Nf6 6. Nf3 Nb4 7. Rc1 dxc4 8.
Bxc4 Nbd5 9. Bxd5 Nxd5 10. Nxd5 Qxd5 11. Rxc7 Bb4+ 12. Nd2 O-O 13. O-O Bd3 14.
Re1 Qxa2 15. Rxb7 a5 16. e4 Qxb2 17. Nf3 Qc2 18. Bd2 Qxd1 19. Rxd1 Bxe4 20.
Bxb4 Bxb7 21. Bxf8 Bxf3 22. gxf3 Kxf8 23. Ra1 a4 24. Ra3 Ke7 25. Kf1 Kd6 26.
Ke2 Kc6 27. Kd3 Kb5 28. Kc3 Rc8+ 29. Kb2 Rc4 30. Rd3 Kc6 31. f4 Kd5 32. Rh3 h6
33. Rg3 g6 34. Ka3 Kxd4 35. Kb2 Ke4 36. f3+ Ke3 37. Ka3 Rxf4 38. Rg2 Kxf3  0-1

[Event "M.Chigorin Memorial 2017 "]
[Site "?????-?????????"]
[Date "2017.10.26"]
[Round "6"]
[Board "121"]
[White "Pavlov, Mikhail"]
[Black "Bhambure, Shantanu"]
[Result "1/2-1/2"]
[WhiteElo "1849"]
[BlackElo "2088"]
[PlyCount "81"]
[EventDate "2017.10.21"]
[EventRounds "9"]
[EventCountry "RUS"]

1. e4 c5 2. Nf3 d6 3. d4 cxd4 4. Nxd4 Nf6 5. Nc3 a6 6. Be2 e5 7. Nb3 Be7 8. O-O
O-O 9. Be3 Be6 10. f4 exf4 11. Bxf4 Nc6 12. Kh1 Rc8 13. Nd4 Nxd4 14. Qxd4 Ne8
15. Rad1 Bf6 16. e5 dxe5 17. Qxd8 Bxd8 18. Bxe5 Bf6 19. Bxf6 Nxf6 20. Bf3 b5
21. a3 a5 22. Rd2 Rc5 23. Rfd1 g6 24. Kg1 Kg7 25. Ne4 Nxe4 26. Bxe4 Bg4 27. Rd5
Rc4 28. R1d4 Be6 29. Rxc4 Bxd5 30. Rd4 Bxe4 31. Rxe4 Rc8 32. c3 Rc4 33. Re5 b4
34. Rxa5 bxc3 35. bxc3 Rxc3 36. Kf2 Rc2+ 37. Kf3 h5 38. h4 Kf6 39. g3 Rc3+ 40.
Kf4 Rc4+ 41. Kf3  1/2-1/2

[Event "M.Chigorin Memorial 2017 "]
[Site "?????-?????????"]
[Date "2017.10.26"]
[Round "6"]
[Board "122"]
[White "Shadunts, Kirill"]
[Black "Emanuel, Yahav"]
[Result "1-0"]
[WhiteElo "1845"]
[BlackElo "2088"]
[PlyCount "79"]
[EventDate "2017.10.21"]
[EventRounds "9"]
[EventCountry "RUS"]

1. d4 d5 2. c4 e6 3. Nc3 Be7 4. cxd5 exd5 5. Bf4 c6 6. e3 Bf5 7. Nge2 Nd7 8.
Ng3 Bg6 9. Rc1 Nf8 10. Be2 Ne6 11. Bg4 Nxf4 12. exf4 Nh6 13. f5 Qd7 14. Qf3
Nxg4 15. Qxg4 h5 16. Qf3 Bh7 17. Nxh5 O-O-O 18. f6 Be4 19. Nxe4 dxe4 20. Qe2
Bb4+ 21. Kf1 gxf6 22. Nxf6 Qxd4 23. Ng4 f5 24. Ne3 Qe5 25. Nc4 Rxh2 26. Rg1 Qd4
27. a3 Be7 28. Ne3 Qe5 29. Nc4 Qf4 30. Ne3 Qh6 31. Qb5 Kb8 32. Qxf5 Rh1 33. Re1
Rd2 34. Ng4 Qh8 35. Qxe4 Rxg1+ 36. Kxg1 Bc5 37. Qf4+ Rd6 38. b4 Bxf2+ 39. Nxf2
Qd8 40. Rd1  1-0

[Event "M.Chigorin Memorial 2017 "]
[Site "?????-?????????"]
[Date "2017.10.26"]
[Round "6"]
[Board "123"]
[White "Pogosian, Vladimir"]
[Black "Alekseev, Mikhail"]
[Result "0-1"]
[WhiteElo "2088"]
[BlackElo "1903"]
[PlyCount "118"]
[EventDate "2017.10.21"]
[EventRounds "9"]
[EventCountry "RUS"]

1. e4 c6 2. d4 d5 3. e5 c5 4. dxc5 e6 5. c4 Bxc5 6. cxd5 exd5 7. Nc3 Ne7 8. Bg5
Qb6 9. Bb5+ Nbc6 10. Bxe7 Bxe7 11. Nge2 O-O 12. O-O d4 13. Bxc6 dxc3 14. Be4
cxb2 15. Rb1 g6 16. Qc2 Ba3 17. Nf4 Be6 18. Qc3 Bxa2 19. Qxa3 Bxb1 20. Nd5 Qd4
21. Rxb1 Kg7 22. Qe3 Qxe5 23. f4 Qd6 24. Rxb2 b6 25. f5 Qc5 26. f6+ Kh8 27.
Qxc5 bxc5 28. Rc2 Rac8 29. Ra2 c4 30. Rxa7 c3 31. Ra1 Rc4 32. Bc2 h5 33. Kf2
Rd4 34. Ne3 Rf4+ 35. Ke2 Rxf6 36. Ra3 Rc8 37. Nd5 Re6+ 38. Kd3 Rd8 39. Ra5 Re5
40. Kd4 Re2 41. Be4 c2 42. Rc5 Re8 43. Bxc2 Rxg2 44. h3 Rd2+ 45. Bd3 Rh2 46.
Rc7 Kg7 47. Nf4 Rf2 48. Nd5 Rf3 49. Bc4 Rf5 50. Rd7 Re1 51. Bd3 Rf3 52. Ra7
Rxh3 53. Bc4 Rh4+ 54. Kc5 Rc1 55. Nb6 Rf4 56. Ra4 h4 57. Nd5 Rfxc4+ 58. Rxc4
Rxc4+ 59. Kxc4 h3  0-1

[Event "M.Chigorin Memorial 2017 "]
[Site "?????-?????????"]
[Date "2017.10.26"]
[Round "6"]
[Board "124"]
[White "Leidorf, Sebastian"]
[Black "Shkuratov, Vladimir"]
[Result "1-0"]
[WhiteElo "2083"]
[BlackElo "1887"]
[PlyCount "113"]
[EventDate "2017.10.21"]
[EventRounds "9"]
[EventCountry "RUS"]

1. c4 e6 2. g3 d5 3. Bg2 Nf6 4. Nf3 c5 5. cxd5 exd5 6. d4 cxd4 7. O-O Nc6 8.
Nxd4 Be7 9. b3 Nxd4 10. Qxd4 Ne4 11. Bf4 O-O 12. Be5 Bc5 13. Qb2 f6 14. Bd4 Qb6
15. Bxc5 Qxc5 16. Nd2 Re8 17. Rac1 Qb6 18. Nf3 Bf5 19. Nd4 Bg6 20. h4 Rad8 21.
Bh3 a6 22. Kg2 Qd6 23. Bf5 Bxf5 24. Nxf5 Qd7 25. Nd4 Qd6 26. Rc2 Rc8 27. Rfc1
Qd7 28. Qa3 Kf7 29. Qa5 Rxc2 30. Rxc2 Kf8 31. Rc7 Qd8 32. Qb4+ Nd6 33. Rxb7 Kg8
34. Rb6 Nb5 35. Rxa6 Nxd4 36. Qxd4 Rxe2 37. b4 Re4 38. Qc5 Rc4 39. Rd6 Qa8 40.
Qxd5+ Qxd5+ 41. Rxd5 Rxb4 42. Ra5 Rb2 43. Ra7 h6 44. h5 Rb4 45. a4 Kh7 46. Ra8
Rb3 47. g4 g5 48. Ra7+ Kg8 49. a5 Ra3 50. a6 Ra4 51. Kf3 Rf4+ 52. Ke3 Rxg4 53.
Rb7 Ra4 54. a7 Ra3+ 55. Ke4 Ra4+ 56. Kf5 Ra5+ 57. Kg6  1-0

[Event "M.Chigorin Memorial 2017 "]
[Site "?????-?????????"]
[Date "2017.10.26"]
[Round "6"]
[Board "125"]
[White "Aseev, Vladimir"]
[Black "Anant, Prabhudesai"]
[Result "1-0"]
[WhiteElo "2082"]
[BlackElo "1869"]
[PlyCount "95"]
[EventDate "2017.10.21"]
[EventRounds "9"]
[EventCountry "RUS"]

1. d4 Nf6 2. c4 e6 3. Nc3 Bb4 4. e3 O-O 5. Nge2 d5 6. a3 Be7 7. Nf4 b6 8. Qf3
Bb7 9. Bd3 Bc6 10. cxd5 exd5 11. g4 Re8 12. Bd2 Bf8 13. Rc1 Ne4 14. Qh3 g6 15.
Nxe4 dxe4 16. Bc4 Bg7 17. Bc3 Qg5 18. Qg3 b5 19. h4 Qd8 20. Bb3 a5 21. g5 Qd6
22. h5 b4 23. hxg6 hxg6 24. axb4 axb4 25. Bd2 Bxd4 26. Rh6 Be5 27. Qh4 Kf8 28.
Rh7 Bg7 29. Rxg7 Ke7 30. Rxf7+ Kd8 31. Rf6 Qe5 32. Ne6+ Kc8 33. Qg3 Qa5 34. Rf7
Ra7 35. Qg4 Bd7 36. Rxd7 Nxd7 37. Nc5 c6 38. Be6 Re7 39. Nxd7 Raxd7 40. Bxd7+
Rxd7 41. Rxc6+ Kd8 42. Qf4 Rxd2 43. Qf8+ Kd7 44. Qc8+ Ke7 45. Re6+ Kf7 46. Qe8+
Kg7 47. Rxg6+ Kh7 48. Qg8#  1-0